[Event "Rio de Janeiro Duchamp op 4th"]
[Site "Rio de Janeiro"]
[Date "2022.12.08"]
[Round "2"]
[White "Cincinato, Thalita Ariane"]
[Black "Da Costa, Carlos Henrique Luz"]
[Result "1-0"]
[WhiteElo "1845"]
[BlackElo "1565"]
[PlyCount "77"]
[EventDate "2022.12.07"]
[EventType "swiss"]
[EventRounds "9"]
[EventCountry "BRA"]
[SourceTitle "CBM 211 Extra"]
[Source "ChessBase"]
[SourceDate "2023.01.31"]
[SourceVersion "1"]
[SourceVersionDate "2023.01.31"]
[SourceQuality "1"]

1. d4 d5 2. Nc3 c6 3. f3 Nf6 4. e4 dxe4 5. fxe4 Bg4 6. Be2 Bxe2 7. Ngxe2 e6 8. 0-0 Be7 9. Bf4 Nbd7 10. Ng3 Qb6 11. e5 Nd5 12. Nxd5 cxd5 13. Kh1 0-0 14. Nh5 f5 15. Rf3 Rf7 16. Rb3 Qa6 17. Qf3 Rc8 18. Qf2 b6 19. Qd2 Rc4 20. Rh3 Qc8 21. c3 Qd8 22. Rg1 g5 23. Rg3 g4 24. Bh6 b5 25. Rf1 a5 26. Qe2 Bg5 27. Bxg5 Qxg5 28. Nf4 Qe7 29. b3 Rc6 30. Qxb5 Rb6 31. Qe2 Qe8 32. c4 dxc4 33. bxc4 Rb2 34. d5 Nxe5 35. dxe6 Rfb7 36. Qxe5 Rb1 37. Re1 R1b2 38. Nd5 Rf2 39. Nf6+ 1-0

[Event "Sao Jose dos Campos op"]
[Site "Sao Jose dos Campos"]
[Date "2022.09.10"]
[Round "4"]
[White "De Almeida, Maycon Wilham"]
[Black "Cincinato, Thalita Ariane"]
[Result "0-1"]
[WhiteElo "1800"]
[BlackElo "1913"]
[PlyCount "38"]
[EventDate "2022.09.08"]
[EventType "swiss"]
[EventRounds "7"]
[EventCountry "BRA"]
[SourceTitle "CBM 210 Extra"]
[Source "ChessBase"]
[SourceDate "2022.11.30"]
[SourceVersion "1"]
[SourceVersionDate "2022.11.30"]
[SourceQuality "1"]

1. d4 d5 2. c4 e6 3. Nf3 c6 4. Nbd2 f5 5. g3 Nf6 6. Bg2 Bd6 7. Qc2 0-0 8. 0-0 Nbd7 9. b3 Ne4 10. Bb2 Rf6 11. Ne5 Rh6 12. f3 Nxe5 13. fxe4 Ng4 14. Qd3 dxe4 15. Nxe4 fxe4 16. Qxe4 Nf6 17. Qf3 Qe7 18. e4 e5 19. h3 Bxh3 0-1

[Event "Mombaca op 6th"]
[Site "Mombaca"]
[Date "2022.08.21"]
[Round "5"]
[White "Cincinato, Thalita Ariane"]
[Black "Casalaspro, Mathias Andre"]
[Result "1/2-1/2"]
[WhiteElo "1920"]
[BlackElo "1738"]
[PlyCount "54"]
[EventDate "2022.08.19"]
[EventType "swiss"]
[EventRounds "6"]
[EventCountry "BRA"]
[SourceTitle "CBM 210 Extra"]
[Source "ChessBase"]
[SourceDate "2022.11.30"]
[SourceVersion "1"]
[SourceVersionDate "2022.11.30"]
[SourceQuality "1"]

1. e4 c6 2. Ne2 d5 3. e5 c5 4. Ng3 Nc6 5. Bb5 Bd7 6. Bxc6 Bxc6 7. 0-0 d4 8. Re1 e6 9. d3 h5 10. Ne4 Qc7 11. Bf4 Bxe4 12. Rxe4 Ne7 13. h3 Nd5 14. Bg3 Qb6 15. Qc1 g6 16. Na3 Qc6 17. Nc4 b5 18. Nd6+ Bxd6 19. exd6 Kd7 20. Qg5 Rag8 21. Rae1 f6 22. Qd2 e5 23. f4 exf4 24. Bxf4 Re8 25. Rxe8 Rxe8 26. Rxe8 Kxe8 27. Bg3 Ne3 1/2-1/2

[Event "Caxambu Casa do Xadrez op"]
[Site "Caxambu"]
[Date "2022.07.23"]
[Round "3"]
[White "Cincinato, Thalita Ariane"]
[Black "Zambotti, Eduardo Lopes"]
[Result "0-1"]
[WhiteElo "2013"]
[BlackElo "1851"]
[PlyCount "88"]
[EventDate "2022.07.22"]
[EventType "swiss"]
[EventRounds "6"]
[EventCountry "BRA"]
[SourceTitle "CBM 209 Extra"]
[Source "ChessBase"]
[SourceDate "2022.09.30"]
[SourceVersion "1"]
[SourceVersionDate "2022.09.30"]
[SourceQuality "1"]

1. e4 e5 2. Nf3 Nc6 3. c3 d5 4. Qa4 Qd6 5. exd5 Qxd5 6. Bc4 Qe4+ 7. Kd1 Be6 8. Bb5 Qxa4+ 9. Bxa4 Bd7 10. Re1 Nge7 11. Na3 f6 12. d3 0-0-0 13. b4 Bf5 14. b5 Bxd3 15. Bb3 Bxb5+ 16. Nd2 Bd3 17. Be6+ Kb8 18. Re3 Ng6 19. Bc4 Bxc4 20. Naxc4 Bc5 21. Rb1 Bxe3 22. fxe3 Kc8 23. Kc2 Nf8 24. a4 Ne6 25. Ba3 Rd5 26. e4 Rd7 27. Ne3 Rhd8 28. Ndc4 Ng5 29. a5 Nxe4 30. a6 b6 31. Rb3 Nd2 32. Rb5 Nxc4 33. Nxc4 Rd5 34. Rb1 Na5 35. Rb4 Nxc4 36. Rxc4 Ra5 37. Kb3 Rxa6 38. Rg4 Rxa3+ 39. Kxa3 Re8 40. Re4 f5 41. Re2 e4 42. g3 g5 43. Kb4 f4 44. Kb5 Kb7 0-1

[Event "Caxambu Casa do Xadrez op"]
[Site "Caxambu"]
[Date "2022.07.23"]
[Round "4"]
[White "Ramos, Eduardo Pereira"]
[Black "Cincinato, Thalita Ariane"]
[Result "0-1"]
[WhiteElo "1231"]
[BlackElo "2013"]
[PlyCount "138"]
[EventDate "2022.07.22"]
[EventType "swiss"]
[EventRounds "6"]
[EventCountry "BRA"]
[SourceTitle "CBM 209 Extra"]
[Source "ChessBase"]
[SourceDate "2022.09.30"]
[SourceVersion "1"]
[SourceVersionDate "2022.09.30"]
[SourceQuality "1"]

1. d4 d5 2. Bf4 c5 3. c3 Nc6 4. e3 Nf6 5. Bd3 c4 6. Bc2 Bg4 7. Nf3 Ne4 8. Nbd2 f5 9. h3 Bh5 10. Rg1 Qd7 11. Ba4 g5 12. Bxc6 bxc6 13. Bh2 Rg8 14. Ne5 Bxd1 15. Nxd7 Kxd7 16. Rxd1 h5 17. g4 Nxd2 18. Rxd2 fxg4 19. hxg4 h4 20. f4 e6 21. fxg5 Rxg5 22. Bf4 Rg6 23. Rh2 Be7 24. g5 Rh8 25. Rg4 h3 26. Rg3 a5 27. Rhxh3 Rxh3 28. Rxh3 Bxg5 29. Rh7+ Be7 30. Kf2 a4 31. a3 Rg8 32. Kf3 Rg1 33. Rh2 Rg7 34. e4 Rf7 35. Rh4 Bf8 36. Ke3 Be7 37. Rh8 Bd8 38. Rg8 Rh7 39. Kf3 Rh3+ 40. Rg3 Rh4 41. Rg7+ Kc8 42. Rg8 Rh3+ 43. Rg3 Rh2 44. Rg2 dxe4+ 45. Kf2 Bh4+ 46. Kg1 Rh3 47. Re2 Rd3 48. Rxe4 Kd7 49. Re2 Rf3 50. Be5 Bg5 51. Kg2 Rd3 52. Rf2 Rd2 53. Bb8 Rxf2+ 54. Kxf2 Bc1 55. Ba7 Bxb2 56. Bc5 Bxc3 57. Ke2 Ke8 58. Kd1 Kf7 59. Kc2 Ba5 60. Bd6 Kf6 61. Be5+ Kf5 62. Bg3 Ke4 63. Bf2 Kf3 64. Bg1 Be1 65. Bh2 Ke4 66. Bg1 Ba5 67. Bf2 Kd5 68. Be3 Bb6 69. Kc3 e5 0-1

[Event "Caxambu Casa do Xadrez op"]
[Site "Caxambu"]
[Date "2022.07.22"]
[Round "1"]
[White "Cincinato, Thalita Ariane"]
[Black "Brito, Nicolas Neres"]
[Result "1/2-1/2"]
[WhiteElo "2013"]
[BlackElo "1309"]
[PlyCount "74"]
[EventDate "2022.07.22"]
[EventType "swiss"]
[EventRounds "6"]
[EventCountry "BRA"]
[SourceTitle "CBM 209 Extra"]
[Source "ChessBase"]
[SourceDate "2022.09.30"]
[SourceVersion "1"]
[SourceVersionDate "2022.09.30"]
[SourceQuality "1"]

1. d4 Nf6 2. Nc3 d5 3. Bf4 c6 4. Qd2 e6 5. f3 Bb4 6. e3 Qa5 7. Bd3 c5 8. dxc5 Qxc5 9. Nge2 Ba5 10. a3 Bc7 11. b4 Qe7 12. Bxc7 Qxc7 13. Nb5 Qd8 14. Qc3 Nc6 15. Qc5 Qe7 16. Qxe7+ Kxe7 17. g4 Ne5 18. Kf2 Bd7 19. Nbd4 h6 20. h4 Nxd3+ 21. cxd3 e5 22. Nf5+ Bxf5 23. gxf5 Rac8 24. Rhg1 Rhg8 25. Rac1 Rxc1 26. Rxc1 Kd7 27. e4 b6 28. Ke3 d4+ 29. Kd2 g6 30. fxg6 Rxg6 31. a4 Rg2 32. a5 Rh2 33. axb6 axb6 34. b5 Nh5 35. Kd1 Rh1+ 36. Kc2 Rh2 37. Kd1 Rh1+ 1/2-1/2

[Event "Pocos de Caldas op"]
[Site "Pocos de Caldas"]
[Date "2022.03.13"]
[Round "6"]
[White "Pires, Marcos Vinicius Tor"]
[Black "Cincinato, Thalita Ariane"]
[Result "1-0"]
[WhiteElo "2294"]
[BlackElo "2015"]
[PlyCount "163"]
[EventDate "2022.03.11"]
[EventType "swiss"]
[EventRounds "6"]
[EventCountry "BRA"]
[SourceTitle "EXT 2023"]
[Source "ChessBase"]
[SourceDate "2022.10.05"]
[SourceVersion "1"]
[SourceVersionDate "2022.10.05"]
[SourceQuality "1"]

1. c4 e5 2. g3 Nf6 3. Bg2 Bc5 4. Nc3 d6 5. e3 Nc6 6. Nf3 Bg4 7. h3 Bf5 8. d3 Nb4 9. e4 Be6 10. a3 Nc6 11. b4 Bb6 12. Na4 Bd4 13. Nxd4 Nxd4 14. Nc3 Qd7 15. Ne2 Nxe2 16. Qxe2 h5 17. f4 Qa4 18. 0-0 0-0-0 19. f5 Bd7 20. Be3 Rdg8 21. Rfb1 g6 22. b5 gxf5 23. Rb4 Qa5 24. exf5 Rxg3 25. Bf2 Rg7 26. Kh2 Rhg8 27. Rg1 Qxa3 28. Rbb1 Kb8 29. Kh1 Rxg2 30. Rxg2 Rxg2 31. Kxg2 Bxf5 32. Rd1 e4 33. Qe3 Qc5 34. Qh6 Qe5 35. d4 Qe6 36. Qh8+ Ne8 37. d5 Bxh3+ 38. Kh2 Qc8 39. Qc3 Qf5 40. Bd4 Bg4 41. Ra1 Qf4+ 42. Qg3 Qd2+ 43. Qf2 Qxf2+ 44. Bxf2 b6 45. Kg3 Nf6 46. Bd4 Nd7 47. Kf4 f5 48. Kg5 Kb7 49. Ra2 Nb8 50. Bf6 a6 51. bxa6+ Nxa6 52. Kf4 Nb4 53. Rh2 Nd3+ 54. Ke3 Bf3 55. Bg5 Ne5 56. Rc2 Bd1 57. Rc3 Ng4+ 58. Kf4 e3 59. Kxf5 e2 60. Bh4 Ne5 61. Bg3 c6 62. Ke6 cxd5 63. cxd5 Nf3 64. Kxd6 h4 65. Bf2 Ng5 66. Rc7+ Ka6 67. Bxh4 Ne4+ 68. Ke5 Nc5 69. d6 Ba4 70. Kf6 Ka5 71. Be1+ Ka6 72. Re7 Bb5 73. Bf2 Ka5 74. Bxc5 bxc5 75. Rxe2 c4 76. Re5 c3 77. d7 Kb4 78. Rxb5+ Kxb5 79. d8Q Kb4 80. Qd1 Ka3 81. Qc2 Kb4 82. Ke5 1-0

[Event "BRA Region North-ch"]
[Site "Manaus"]
[Date "2010.10.??"]
[Round "1"]
[White "Cincinato, Thalita Ariane"]
[Black "De Moura Gouvea, Augusto Cesar"]
[Result "1-0"]
[WhiteElo "2015"]
[BlackElo "1793"]
[PlyCount "95"]
[EventDate "2010.10.09"]
[EventType "swiss"]
[EventRounds "7"]
[EventCountry "BRA"]
[SourceTitle "EXT 2022"]
[Source "ChessBase"]
[SourceDate "2021.10.06"]
[SourceVersion "1"]
[SourceVersionDate "2021.10.06"]
[SourceQuality "1"]

1. e4 e5 2. f4 exf4 3. Nf3 d6 4. Bc4 Bg4 5. d4 Nc6 6. Bxf4 Bxf3 7. gxf3 Be7 8. Nc3 a6 9. Rg1 Bh4+ 10. Bg3 Qf6 11. Nd5 Qd8 12. Nxc7+ Qxc7 13. Bxh4 g6 14. c3 Nge7 15. Bf6 Rg8 16. Qd2 0-0-0 17. Bxf7 Rgf8 18. Be6+ Kb8 19. Qg5 Rde8 20. Rg3 h6 21. Qh4 g5 22. Qxh6 Nd8 23. Bb3 Nf7 24. Qh5 Ng8 25. Bg7 Nf6 26. Bxf6 Nd8 27. Rxg5 Nc6 28. Rg7 Qc8 29. Bf7 Rh8 30. Rh7 Rxh7 31. Qxh7 Rf8 32. Qg7 Ka7 33. d5 Nb8 34. Be6 Qe8 35. Bd4+ Ka8 36. Qc7 Qd8 37. Qxd8 Rxd8 38. h4 Nd7 39. Bxd7 Rxd7 40. Kf2 Kb8 41. Rg1 Kc8 42. Bb6 Rh7 43. Rg8+ Kd7 44. Rd8+ Ke7 45. Rb8 Kf6 46. f4 Rxh4 47. Bd8+ Kg6 48. Bxh4 1-0

[Event "BRA Region North-ch"]
[Site "Manaus"]
[Date "2010.10.??"]
[Round "7"]
[White "Sales, Gerson de Assis"]
[Black "Cincinato, Thalita Ariane"]
[Result "1-0"]
[WhiteElo "2004"]
[BlackElo "2015"]
[PlyCount "75"]
[EventDate "2010.10.09"]
[EventType "swiss"]
[EventRounds "7"]
[EventCountry "BRA"]
[SourceTitle "EXT 2022"]
[Source "ChessBase"]
[SourceDate "2021.10.06"]
[SourceVersion "1"]
[SourceVersionDate "2021.10.06"]
[SourceQuality "1"]

1. e4 c5 2. Nf3 d6 3. c3 g6 4. d4 b6 5. dxc5 bxc5 6. Qd5 Qc7 7. Qxa8 e6 8. Na3 a6 9. Nb5 axb5 10. Bxb5+ Ke7 11. Qa4 Bg7 12. Bg5+ f6 13. Be3 Bb7 14. Rd1 g5 15. Nd2 Nh6 16. f3 Nc6 17. Qc2 Ne5 18. Nc4 Nhf7 19. Qf2 Ra8 20. 0-0 h5 21. h3 Nxc4 22. Bxc4 Ne5 23. Bb3 c4 24. Bc2 Rxa2 25. Bb1 Ra6 26. f4 gxf4 27. Bxf4 Ng6 28. Qg3 Kf7 29. Bxd6 Qb6+ 30. Kh1 Qxb2 31. Bb4 Nf8 32. Qc7+ Kg8 33. Qxb7 Ra5 34. Qb6 Rg5 35. Rf2 Qb3 36. Bc2 Qb2 37. Qe3 Ng6 38. Ba4 1-0

[Event "Manaus op"]
[Site "Manaus"]
[Date "2010.08.13"]
[Round "3"]
[White "Cincinato, Thalita Ariane"]
[Black "Lima, Darcy Gustavo Macha"]
[Result "0-1"]
[WhiteElo "2017"]
[BlackElo "2496"]
[PlyCount "70"]
[EventDate "2010.08.12"]
[EventType "swiss"]
[EventRounds "7"]
[EventCountry "BRA"]
[SourceTitle "EXT 2013"]
[Source "ChessBase"]
[SourceDate "2012.11.22"]
[SourceVersion "1"]
[SourceVersionDate "2012.11.22"]
[SourceQuality "1"]

1. e4 Nf6 2. e5 Nd5 3. Bc4 Nb6 4. Bb3 c5 5. Qe2 g6 6. f4 Bg7 7. Nf3 0-0 8. d4 cxd4 9. Nxd4 d6 10. c3 Nc6 11. e6 Bxd4 12. exf7+ Kg7 13. cxd4 Nxd4 14. Qd3 Nxb3 15. Qxb3 Rxf7 16. 0-0 Nd7 17. Be3 Nf6 18. Bd4 b6 19. Nd2 Bb7 20. Nf3 Bxf3 21. Qxf3 Rc8 22. g4 Kg8 23. g5 Nh5 24. Qd5 Qd7 25. f5 gxf5 26. Rae1 e5 27. Bc3 Rc5 28. Qd1 Ng7 29. h4 Rc4 30. Rf2 Rxh4 31. Qd5 Qb7 32. Rd1 Rg4+ 33. Rg2 Qxd5 34. Rxd5 Rxg2+ 35. Kxg2 Ne8 0-1

[Event "Paulista-ch Girls"]
[Site "Santos"]
[Date "2009.06.??"]
[Round "1"]
[White "Cincinato, Thalita Ariane"]
[Black "De Padua, Camila Marques"]
[Result "1-0"]
[WhiteElo "2027"]
[BlackElo "1715"]
[PlyCount "68"]
[EventDate "2009.06.20"]
[EventType "swiss"]
[EventRounds "5"]
[EventCountry "BRA"]
[SourceTitle "EXT 2022"]
[Source "ChessBase"]
[SourceDate "2021.10.06"]
[SourceVersion "1"]
[SourceVersionDate "2021.10.06"]
[SourceQuality "1"]

1. d4 e6 2. c4 f5 3. Nc3 Nf6 4. Nf3 Bb4 5. Bd2 b6 6. g3 Bb7 7. Bg2 0-0 8. a3 Bxc3 9. bxc3 d6 10. 0-0 Nbd7 11. Qb3 Ne4 12. Bf4 Qe7 13. a4 e5 14. Bc1 Kh8 15. a5 Ba6 16. Nd2 Nxd2 17. Bxd2 Rab8 18. axb6 Rxb6 19. Qa4 exd4 20. cxd4 Qxe2 21. Ba5 Rb2 22. Qxd7 Bxc4 23. Rae1 Qh5 24. Bc3 Rb3 25. Re3 Bxf1 26. Bxf1 Rb1 27. d5 Rg8 28. Qxc7 Qh6 29. Re1 Rxe1 30. Bxe1 Qf6 31. Qxa7 Qg6 32. Bd2 Rf8 33. Qd7 h6 34. Bd3 Qf6 1-0

[Event "Sao Paulo Paulista-ch"]
[Site "Sao Paulo"]
[Date "2007.06.29"]
[Round "2"]
[White "Moreira, Altair Carlos Faria"]
[Black "Cincinato, Thalita Ariane"]
[Result "0-1"]
[WhiteElo "2017"]
[BlackElo "2032"]
[PlyCount "34"]
[EventDate "2007.06.28"]
[EventType "swiss"]
[EventRounds "7"]
[EventCountry "BRA"]
[SourceTitle "CBM 119 Extra"]
[Source "ChessBase"]
[SourceDate "2007.09.04"]
[SourceVersion "1"]
[SourceVersionDate "2007.09.04"]
[SourceQuality "1"]

1. e4 c5 2. c3 d5 3. exd5 Qxd5 4. d4 e5 5. dxe5 Qxe5+ 6. Be3 Nc6 7. Nf3 Qc7 8. Bd3 Bg4 9. Nbd2 0-0-0 10. Qc2 Nf6 11. 0-0 Bd6 12. a3 Ne5 13. Nxe5 Bxe5 14. h3 Be6 15. b4 c4 16. Be2 Bh2+ 17. Kh1 Rhe8 0-1